|
|
|
|
| LEADER |
00000nam0a2200000 4500 |
| 001 |
305896 |
| 005 |
20231102001838.0 |
| 020 |
|
|
|a RU
|b 83-44673
|
| 035 |
|
|
|a (RuTPU)RU\TPU\book\331171
|
| 090 |
|
|
|a 305896
|
| 100 |
|
|
|a 20151001d1983 k y0rusy5003 ca
|
| 101 |
0 |
|
|a rus
|
| 102 |
|
|
|a UA
|
| 105 |
|
|
|a a g 001zy
|
| 200 |
1 |
|
|a Формовочные материалы и смеси
|e справочник
|f А. А. Сварика
|
| 210 |
|
|
|a Киев
|c Технiка
|d 1983
|
| 215 |
|
|
|a 144 с.
|c ил.
|
| 320 |
|
|
|a Библиогр.: с. 138-142
|
| 606 |
1 |
|
|a Формовочные материалы
|2 stltpush
|3 (RuTPU)RU\TPU\subj\72699
|9 86108
|
| 610 |
1 |
|
|a справочники
|
| 610 |
1 |
|
|a формовочные смеси
|
| 610 |
1 |
|
|a связующие материалы
|
| 610 |
1 |
|
|a свойства
|
| 610 |
1 |
|
|a вспомогательные материалы
|
| 610 |
1 |
|
|a хранение
|
| 610 |
1 |
|
|a подготовка
|
| 610 |
1 |
|
|a песчано-глинистые смеси
|
| 610 |
1 |
|
|a оборудование
|
| 675 |
|
|
|a 621.742(035)
|z rus
|v 4
|
| 700 |
|
1 |
|a Сварика
|b А. А.
|g Анатолий Анатольевич
|4 070
|
| 801 |
|
0 |
|a RU
|b RuMRKP
|c 19950704
|g psbo
|
| 801 |
|
1 |
|a RU
|b 63413507
|c 20151001
|
| 801 |
|
2 |
|a RU
|b 63413507
|c 20190206
|g RCR
|
| 942 |
|
|
|c BK
|